| 000 | 00752nam a2200253 4500 | ||
|---|---|---|---|
| 003 | OSt | ||
| 005 | 20200706145601.0 | ||
| 008 | 200706s1986 ck ||||gr|||| 00| 0dspa d | ||
| 040 |
_aCO-JMCR _cCO-JMCR |
||
| 041 | 0 | _aspa | |
| 082 | 0 | 4 |
_223 _a981.001 / _bZ198a |
| 100 | 1 |
_aZea, Leopoldo _eautor _96739 |
|
| 245 | 1 |
_aAmérica como autodescubrimiento _cLeopoldo Zea |
|
| 250 | _aPrimera edición | ||
| 260 |
_aBogotá : _bUniversidad Central, _c1986 |
||
| 300 |
_a199 páginas ; _c21 cm. |
||
| 490 |
_aSolar : _aPensamiento latinoamericano ; _v5 |
||
| 500 | _aDatos biográficos del autor en tapa posterior. | ||
| 650 | 1 | 4 | _2Nacionalismo |
| 650 | 2 | 4 | _2Filosofía |
| 650 | 2 | 4 | _2America latina |
| 650 | 2 | 4 | _2Identidad (psicología) |
| 942 |
_2ddc _cBK |
||
| 999 |
_c6745 _d6745 |
||